[Event "Ruhrgebiet Verbandsklasse Gruppe 2 1516"]
[Site "Germany"]
[Date "2015.11.08"]
[Round "3.3"]
[White "Hermann, Juergen"]
[Black "Abramowski, Uwe"]
[Result "1-0"]
[WhiteElo "1839"]
[BlackElo "1712"]
[PlyCount "94"]
[EventDate "2015.09.06"]
[EventType "team-tourn"]
[EventRounds "9"]
[EventCountry "GER"]
[SourceTitle "EXT 2022"]
[Source "ChessBase"]
[SourceDate "2021.10.06"]
[SourceVersion "1"]
[SourceVersionDate "2021.10.06"]
[SourceQuality "1"]
[WhiteTeam "Essen SK Germania Kupferdreh"]
[BlackTeam "Ickern"]
[WhiteTeamCountry "GER"]
[BlackTeamCountry "GER"]

1. Nf3 d5 2. g3 e6 3. Bg2 Nd7 4. d4 f5 5. 0-0 Ngf6 6. b3 Bd6 7. c4 c6 8. Bb2 0-0 9. Ne5 Qe8 10. Nd2 Qh5 11. Ndf3 Ng4 12. Nxd7 Bxd7 13. h3 Rf6 14. hxg4 fxg4 15. Ne5 Rh6 16. f4 Qh2+ 17. Kf2 Rh3 18. Qd3 Rf8 19. Bc1 Bxe5 20. dxe5 g5 21. Rh1 gxf4 22. Rxh2 fxg3+ 23. Ke1 gxh2 24. Qxh3 gxh3 25. Bh1 Rf5 26. Bb2 Be8 27. Rd1 Bg6 28. cxd5 exd5 29. Bd4 Rf4 30. Be3 Rf8 31. Kd2 Be4 32. Bxe4 dxe4 33. Rh1 Rf5 34. Bd4 Kf7 35. Ke3 Rg5 36. Rxh2 Rh5 37. Kxe4 Ke6 38. e3 Rh4+ 39. Kf3 Kf5 40. Kg3 Rh6 41. Rxh3 Rxh3+ 42. Kxh3 b6 43. b4 Ke6 44. e4 c5 45. bxc5 bxc5 46. Bc3 a5 47. a4 c4 1-0

[Event "Ruhrgebiet Verbandsklasse Gruppe 2 1516"]
[Site "Germany"]
[Date "2015.09.27"]
[Round "2.2"]
[White "Fuest, Torsten"]
[Black "Abramowski, Uwe"]
[Result "1-0"]
[WhiteElo "1924"]
[BlackElo "1711"]
[PlyCount "55"]
[EventDate "2015.09.06"]
[EventType "team-tourn"]
[EventRounds "9"]
[EventCountry "GER"]
[SourceTitle "EXT 2022"]
[Source "ChessBase"]
[SourceDate "2021.10.06"]
[SourceVersion "1"]
[SourceVersionDate "2021.10.06"]
[SourceQuality "1"]
[WhiteTeam "Boenen SV"]
[BlackTeam "Ickern"]
[WhiteTeamCountry "GER"]
[BlackTeamCountry "GER"]

1. d4 d5 2. Bf4 e6 3. e3 f5 4. c4 Nf6 5. Nc3 c6 6. Nf3 Nbd7 7. Bd3 Ne4 8. Qc2 Be7 9. h3 Ndf6 10. Ne5 Nh5 11. Bh2 Bh4 12. g3 Nexg3 13. fxg3 Nxg3 14. Bxg3 Bxg3+ 15. Kf1 Qg5 16. Qe2 0-0 17. Qf3 f4 18. Ke2 dxc4 19. Bc2 Qe7 20. Raf1 Qb4 21. Nd1 c3 22. bxc3 Qd6 23. Qh5 g6 24. Nxg6 f3+ 25. Rxf3 Rxf3 26. Kxf3 e5 27. Nxe5 Qf6+ 28. Kxg3 1-0

[Event "Ruhrgebiet VK3 1112"]
[Site "Nordrheinwestfalen"]
[Date "2012.03.25"]
[Round "8"]
[White "Abramowski, Uwe"]
[Black "Huettemann, Karl Heinz"]
[Result "0-1"]
[WhiteElo "1738"]
[BlackElo "2085"]
[PlyCount "43"]
[EventDate "2012.09.18"]
[EventType "team-tourn"]
[EventRounds "9"]
[EventCountry "GER"]
[SourceTitle "EXT 2020"]
[Source "ChessBase"]
[SourceDate "2019.10.17"]
[SourceVersion "1"]
[SourceVersionDate "2019.10.17"]
[SourceQuality "1"]
[WhiteTeam "Ickern"]
[BlackTeam "Dortmund SV"]
[WhiteTeamCountry "GER"]
[BlackTeamCountry "GER"]

1. e4 c5 2. Nf3 Nf6 3. e5 Nd5 4. d4 cxd4 5. Qxd4 e6 6. Bc4 Nc6 7. Qe4 d6 8. exd6 Nf6 9. Qe2 Bxd6 10. 0-0 0-0 11. Bg5 h6 12. Bh4 Be7 13. Nc3 Nd4 14. Nxd4 Qxd4 15. Bg3 Bd7 16. Rad1 Qb6 17. Be5 Rfd8 18. Bd4 Qa5 19. Rd3 b5 20. Bd5 Rac8 21. Bf3 b4 22. Rfd1 0-1

[Event "Ruhrgebiet VK3 1112"]
[Site "Nordrheinwestfalen"]
[Date "2011.12.11"]
[Round "4"]
[White "Abramowski, Uwe"]
[Black "Bauriedel, Friedrich"]
[Result "1/2-1/2"]
[WhiteElo "1738"]
[BlackElo "1876"]
[PlyCount "59"]
[EventDate "2012.09.18"]
[EventType "team-tourn"]
[EventRounds "9"]
[EventCountry "GER"]
[SourceTitle "EXT 2020"]
[Source "ChessBase"]
[SourceDate "2019.10.17"]
[SourceVersion "1"]
[SourceVersionDate "2019.10.17"]
[SourceQuality "1"]
[WhiteTeam "Ickern"]
[BlackTeam "Germania Kupferdreh"]
[WhiteTeamCountry "GER"]
[BlackTeamCountry "GER"]

1. d4 Nf6 2. e3 e6 3. Nd2 Be7 4. f4 0-0 5. Ngf3 b6 6. Bd3 Bb7 7. 0-0 c5 8. c3 d5 9. Ne5 Nbd7 10. Ndf3 Ne4 11. Nxd7 Qxd7 12. Ne5 Qd6 13. Qh5 f6 14. Ng4 Bc6 15. Rf3 Be8 16. Qh3 Bg6 17. Bxe4 dxe4 18. Rg3 Qd5 19. Bd2 Bd6 20. Rf1 f5 21. Ne5 Bxe5 22. fxe5 Qxa2 23. Bc1 Qc4 24. Qh4 Rae8 25. Qg5 Qe2 26. h4 Rf7 27. Rf2 Qd1+ 28. Rf1 Qh5 29. Qf4 Qe2 30. Rf2 1/2-1/2

[Event "Ruhrgebiet VK3 1112"]
[Site "Nordrheinwestfalen"]
[Date "2011.09.18"]
[Round "1"]
[White "Abramowski, Uwe"]
[Black "Sohraby, Azizollah"]
[Result "0-1"]
[WhiteElo "1738"]
[BlackElo "2109"]
[PlyCount "67"]
[EventDate "2012.09.18"]
[EventType "team-tourn"]
[EventRounds "9"]
[EventCountry "GER"]
[SourceTitle "EXT 2020"]
[Source "ChessBase"]
[SourceDate "2019.10.17"]
[SourceVersion "1"]
[SourceVersionDate "2019.10.17"]
[SourceQuality "1"]
[WhiteTeam "Ickern"]
[BlackTeam "Brackel SF II"]
[WhiteTeamCountry "GER"]
[BlackTeamCountry "GER"]

1. d4 d5 2. e3 c5 3. c3 Nc6 4. f4 Nf6 5. Nf3 cxd4 6. exd4 Bg4 7. Bd3 Ne4 8. Nbd2 f5 9. 0-0 e6 10. Qe1 Bd6 11. Ng5 Nxg5 12. fxg5 Qe7 13. Nf3 Bxf3 14. Rxf3 Kd7 15. Bd2 h6 16. gxh6 gxh6 17. Qf2 Rag8 18. Re1 Qg7 19. Rxe6 Kxe6 20. Bxf5+ Ke7 21. Qh4+ Ke8 22. Re3+ Ne7 23. Bh3 Qg5 24. Qe1 Rg6 25. Qe2 a6 26. Rf3 Qh4 27. Be1 Qe4 28. Re3 Qf4 29. g3 Qg5 30. Bd2 Qf6 31. Rf3 Qg7 32. Bf5 Rf6 33. Rf2 Rhf8 34. Qh5+ 0-1

[Event "Ruhrgebiet VL2 0910"]
[Site "Germany"]
[Date "2010.02.21"]
[Round "7.7"]
[White "Abramowski, Uwe"]
[Black "Steger, Wolfgang"]
[Result "1-0"]
[WhiteElo "1693"]
[BlackElo "1886"]
[PlyCount "55"]
[EventDate "2009.09.06"]
[EventType "team-tourn"]
[EventRounds "9"]
[EventCountry "GER"]
[SourceTitle "EXT 2011"]
[Source "ChessBase"]
[SourceDate "2010.11.26"]
[SourceVersion "1"]
[SourceVersionDate "2010.11.26"]
[SourceQuality "1"]
[WhiteTeam "Ickern"]
[BlackTeam "Linden"]
[WhiteTeamCountry "GER"]
[BlackTeamCountry "GER"]

1. e4 c5 2. Nf3 e6 3. d4 cxd4 4. c3 dxc3 5. Nxc3 a6 6. Bc4 b5 7. Bb3 Bb7 8. Qe2 Qc7 9. 0-0 g6 10. Bg5 Be7 11. Rac1 Qd8 12. Bf4 Nf6 13. Nd5 exd5 14. Bc7 Qc8 15. exd5 Kf8 16. Rfe1 Qe8 17. Be5 Bb4 18. Bxf6 Bxe1 19. Qxe8+ Kxe8 20. Rxe1+ Kf8 21. Bxh8 d6 22. Bf6 Nd7 23. Be7+ Kg8 24. Bxd6 Nf6 25. Rd1 Rc8 26. h3 Ne4 27. Be7 Nc5 28. Ne5 1-0

[Event "Ruhrgebiet VL2 0910"]
[Site "Germany"]
[Date "2009.12.06"]
[Round "4.7"]
[White "Pothmann, Malte"]
[Black "Abramowski, Uwe"]
[Result "1-0"]
[WhiteElo "1896"]
[BlackElo "1693"]
[PlyCount "107"]
[EventDate "2009.09.06"]
[EventType "team-tourn"]
[EventRounds "9"]
[EventCountry "GER"]
[SourceTitle "EXT 2011"]
[Source "ChessBase"]
[SourceDate "2010.11.26"]
[SourceVersion "1"]
[SourceVersionDate "2010.11.26"]
[SourceQuality "1"]
[WhiteTeam "Hamm SVg"]
[BlackTeam "Ickern"]
[WhiteTeamCountry "GER"]
[BlackTeamCountry "GER"]

1. e4 c5 2. d3 d6 3. f4 e6 4. Nf3 Qc7 5. g3 Nd7 6. Bg2 Ngf6 7. 0-0 Be7 8. c3 h5 9. Be3 Ng4 10. Bd2 e5 11. h3 Ngf6 12. Qb3 b5 13. fxe5 dxe5 14. Be3 c4 15. dxc4 bxc4 16. Qc2 Nc5 17. Nfd2 Bb7 18. b4 Nd3 19. Na3 Rd8 20. Naxc4 Nxe4 21. Nxe4 Qxc4 22. Nd2 Qb5 23. Bxb7 Qxb7 24. Qa4+ Rd7 25. Qb3 0-0 26. a3 Bf6 27. Ra2 Rc8 28. c4 e4 29. Qd1 Qc7 30. Nxe4 Qe5 31. Nxf6+ gxf6 32. Qf3 Re8 33. Bf2 Qg5 34. h4 Qg6 35. Re2 Ne5 36. Qf4 Red8 37. c5 Nd3 38. Qe4 Nxf2 39. Qxg6+ fxg6 40. Rexf2 Rd3 41. Rf3 f5 42. Kg2 Kf7 43. c6 R3d4 44. c7 Rc8 45. Rc3 Rd7 46. Rfc1 g5 47. hxg5 Kg6 48. a4 Kxg5 49. Rc4 Kf6 50. b5 Ke7 51. a5 Rd2+ 52. Kh3 Rb2 53. Rc5 Kd7 54. Rxf5 1-0

[Event "Ruhrgebiet VL2 0910"]
[Site "Germany"]
[Date "2009.10.25"]
[Round "3.7"]
[White "Abramowski, Uwe"]
[Black "Hain, Christian"]
[Result "1/2-1/2"]
[WhiteElo "1693"]
[BlackElo "1851"]
[PlyCount "111"]
[EventDate "2009.09.06"]
[EventType "team-tourn"]
[EventRounds "9"]
[EventCountry "GER"]
[SourceTitle "EXT 2011"]
[Source "ChessBase"]
[SourceDate "2010.11.26"]
[SourceVersion "1"]
[SourceVersionDate "2010.11.26"]
[SourceQuality "1"]
[WhiteTeam "Ickern"]
[BlackTeam "Brackel II"]
[WhiteTeamCountry "GER"]
[BlackTeamCountry "GER"]

1. e4 d6 2. d4 Nf6 3. Nc3 g6 4. Nf3 Bg7 5. Be2 c6 6. h4 h5 7. Ng5 b5 8. Bd3 Qb6 9. Ne2 Na6 10. c3 Nc7 11. f3 Ne6 12. Be3 Nxg5 13. hxg5 Nd7 14. Bf2 Bb7 15. Qc2 Qc7 16. d5 a6 17. f4 cxd5 18. exd5 0-0-0 19. b4 Bxd5 20. a4 Nb6 21. axb5 axb5 22. Bxb5 Bb7 23. Ra7 Kb8 24. Qa2 Bxc3+ 25. Nxc3 Qxc3+ 26. Ke2 Qc7 27. Ra1 Rc8 28. Bxb6 Qxb6 29. Ra8+ Kc7 30. Rc1+ Kd8 31. Raxc8+ Bxc8 32. Qc4 Bb7 33. Bc6 Bxc6 34. Qxc6 Qxc6 35. Rxc6 Kd7 36. Rc3 Rb8 37. Rb3 f6 38. gxf6 exf6 39. Kd3 Kc6 40. Kd4 g5 41. fxg5 fxg5 42. Ke4 Rf8 43. b5+ Kb6 44. Kd5 h4 45. Kxd6 Rf2 46. g3 h3 47. g4 h2 48. Rh3 Rg2 49. Ke5 Rxg4 50. Rxh2 Kxb5 51. Kf5 Rg1 52. Rh5 g4 53. Kf4+ Kc4 54. Rg5 Kd3 55. Rxg4 Rxg4+ 56. Kxg4 1/2-1/2

[Event "Dortmund op-B"]
[Site "Dortmund"]
[Date "2005.07.09"]
[Round "2"]
[White "Abramowski, Uwe"]
[Black "Bauer, Matthias"]
[Result "1-0"]
[WhiteElo "1766"]
[BlackElo "1581"]
[PlyCount "49"]
[EventDate "2005.07.08"]
[EventType "swiss"]
[EventRounds "9"]
[EventCountry "GER"]
[SourceTitle "CBM 107 Extra"]
[Source "ChessBase"]
[SourceDate "2005.09.01"]
[SourceVersion "1"]
[SourceVersionDate "2005.09.01"]
[SourceQuality "1"]

1. e4 d5 2. exd5 Qxd5 3. Nc3 Qa5 4. b4 Qxb4 5. Rb1 Qd6 6. Bc4 e6 7. Nge2 Nf6 8. d4 c6 9. Bf4 Qd8 10. 0-0 Bd6 11. Re1 0-0 12. Qd2 Qc7 13. Rb3 Nbd7 14. Bxd6 Qxd6 15. Ng3 Nb6 16. Bd3 Nbd5 17. Nce4 Nxe4 18. Rxe4 Nf6 19. Rh4 e5 20. Qg5 exd4 21. Nh5 Nxh5 22. Bxh7+ Kh8 23. Rxh5 Qf6 24. Bg6+ Kg8 25. Rh8+ 1-0